| Поле | Инд. | ПП | Название | Значение |
|---|---|---|---|---|
| Тип записи | a | |||
| Библиографический уровень | m | |||
| 001 | Контрольный номер | RU/LIBMSTU/381484694 | ||
| 005 | Дата корректировки | 20190320163843.4 | ||
| 008 | Кодируемые данные | 120207|||||||||ru |||||||||||000|||rus|| | ||
| 020 | a | ISBN | 978-5-86185-629-4 | |
| 040 | b | Код языка каталог. | rus | |
| 041 | 0_ | a | Код языка текста | rus |
| 084 | a | Индекс другой классификации/Индекс ББК | 63.3(2Рос-4Мур)я7+63.3(2)6-6я7+66.4(2Рос) | |
| 090 | a | Полочн. индекс | 63.3(2Рос-4Мур) | |
| x | Авторский знак | П 60 | ||
| 100 | 1_ | a | Автор | Порцель А. К. |
| 110 | 2_ | a | Организация/ юрисдикция | Мурманский государственный технический университет |
| 245 | 10 | a | Заглавие | Международные отношения в Баренц-регионе (Мурманская область) |
| b | Продолж. заглавия | учеб. пособие для вузов | ||
| c | Ответственность | Федер. агентство по рыболовству, ФГБОУ ВПО "Мурман. гос. техн. ун-т" | ||
| 260 | a | Место издания | Мурманск | |
| b | Издательство | Изд-во МГТУ | ||
| c | Дата издания | 2011 | ||
| 300 | a | Объем | 135 с. | |
| b | Иллюстрации/ тип воспроизводства | цв. ил. | ||
| 504 | a | Библиография | Библиогр.: с. 71-72 | |
| 583 | x | Служебное примечание | Арктические исследования | |
| x | Служебное примечание | Труды преподавателей МГТУ | ||
| x | Служебное примечание | Краеведческий каталог | ||
| 650 | 04 | a | Основная рубрика | Международные отношения-История-Мурманская область-Учебные издания для высших учебных заведений |
| 650 | 14 | a | Основная рубрика | Баренц-регион-Международные отношения-Учебные издания для высших учебных заведений |
| 651 | _4 | a | Географическое наименование | Баренцев регион |
| 651 | _4 | a | Географическое наименование | Мурманская область |
| 653 | 0_ | a | Ключевые слова | Исследования арктические; История международных отношений; Киркенесская декларация 1993 г.; Международное сотрудничество; Международные экономические форумы; Саамский парламент |
| 901 | t | Тип документа | m | |
| 952 | b | Гриф литературы для ВШ | Допущено Ученым советом МГТУ | |
| c | Вид литературы | учебное пособие |